| 000 | 01442nam0a22002651 4500 | ||
|---|---|---|---|
| 001 | rc\361229 | ||
| 005 | 20030307123418.2 | ||
| 035 | _a(NLR Aleph) 005592203 | ||
| 090 |
_a6224416 _c6224416 |
||
| 100 | _a20030307d1989 u |0rusy50 ca | ||
| 101 | 0 | _arus | |
| 102 | _aRU | ||
| 105 | _ay ||||||||| | ||
| 200 | 1 |
_aТеоретические, природные и экспериментальные модели нефтегазообразования и их использование в прогнозе нефтегазоносности _eТез. докл. VI всесоюз. семинара (27 нояб. - 1 дек. 1989 г.) _f[Под ред. С.Г. Неручева] |
|
| 210 |
_aЛ. _cВНИГРИ _d1989 |
||
| 215 |
_a227 с. _d21 |
||
| 300 | _aВ надзаг.: АН СССР, Науч. совет по проблемам геологии и геохимии нефти и газа, М-во геологии СССР, Всесоюз. нефт. н.-и. геол.-развед. ин-т, Науч.-техн. геол. о-во | ||
| 320 | _aАлф. указ. авт.: с. 225-227 | ||
| 702 | 1 |
_aНеручев _bС. Г. _gСергей Германович _4340 |
|
| 712 | 0 | 2 |
_aАН СССР _bНауч. совет по проблемам геологии и геохимии нефти и газа _3RU\NLR\AUTH\8814688 |
| 801 | 0 |
_aRU _bNLR _gpsbo |
|
| 801 | 1 |
_aRU _bELAR _2rusmarc |
|
| 852 |
_aNLR _j89-3/13623 |
||
| 942 | _cBOOK | ||
| 980 | _aNB | ||